[Event "Catalunya Cup"]
[Site "Barcelona"]
[Date "2002.??.??"]
[Round "?"]
[White "Moskalenko, Viktor"]
[Black "Vazquez Cortado, Juan Antonio"]
[Result "1-0"]
[WhiteElo "2538"]
[BlackElo "2166"]
[PlyCount "65"]
[EventDate "2002.??.??"]
[EventType "tourn (rapid)"]
[EventRounds "1"]
[EventCountry "ESP"]
[SourceTitle "EXT 2008"]
[Source "ChessBase"]
[SourceDate "2007.11.25"]
[SourceVersion "1"]
[SourceVersionDate "2007.11.25"]
[SourceQuality "1"]

1. d4 d5 2. c4 c6 3. Nf3 Nf6 4. Nc3 e6 5. e3 Be7 6. Bd3 b6 7. 0-0 Bb7 8. e4 dxe4 9. Nxe4 Nbd7 10. Qe2 0-0 11. Rd1 Qc7 12. Bg5 Rfe8 13. Nxf6+ Bxf6 14. h4 h6 15. Qe4 hxg5 16. Qh7+ Kf8 17. hxg5 Ke7 18. Re1 Rh8 19. gxf6+ Kxf6 20. Rxe6+ Kxe6 21. Qxg7 Qf4 22. Ng5+ Kd6 23. Nxf7+ Kc7 24. Nxh8 Rf8 25. Rf1 Qf6 26. Qxf6 Rxf6 27. Ng6 Bc8 28. f4 Nf8 29. f5 Nh7 30. Re1 Ng5 31. Re7+ Kb8 32. Ne5 Rd6 33. c5 1-0

[Event "Sant Boi op"]
[Site "Sant Boi de Llobregat"]
[Date "1998.??.??"]
[Round "3"]
[White "Vazquez Cortado, Juan Antonio"]
[Black "Navarro Perez, Manuel"]
[Result "1-0"]
[WhiteElo "2200"]
[BlackElo "2125"]
[PlyCount "71"]
[EventDate "1998.??.??"]
[EventType "swiss"]
[EventRounds "8"]
[EventCountry "ESP"]
[SourceTitle "EXT 2003"]
[Source "ChessBase"]
[SourceDate "2002.11.25"]
[SourceVersion "1"]
[SourceVersionDate "2002.11.25"]
[SourceQuality "1"]

1. d4 Nf6 2. c4 g6 3. Nc3 Bg7 4. e4 d6 5. f3 0-0 6. Be3 c6 7. Nge2 a5 8. g4 Re8 9. Ng3 Qc7 10. Qd2 Bd7 11. Be2 Rc8 12. h4 e5 13. d5 cxd5 14. cxd5 Na6 15. h5 Nc5 16. hxg6 fxg6 17. g5 Ne8 18. Bd1 Qb6 19. Rb1 Nc7 20. Bc2 N7a6 21. a3 Qc7 22. Qh2 Kf7 23. Nf5 gxf5 24. Qh5+ Kf8 25. exf5 Be8 26. Qxh7 Bf6 27. gxf6 Qxh7 28. Rxh7 e4 29. Bh6+ Kg8 30. Rg7+ Kh8 31. Kf2 Rc7 32. Rh1 Rxg7 33. Bxg7+ Kg8 34. Rh8+ Kf7 35. Nxe4 Nxe4+ 36. Bxe4 1-0

[Event "Sant Boi op"]
[Site "Sant Boi de Llobregat"]
[Date "1998.??.??"]
[Round "1"]
[White "Vazquez Cortado, Juan Antonio"]
[Black "Trias Fernandez, Ramon"]
[Result "1-0"]
[WhiteElo "2200"]
[BlackElo "2040"]
[PlyCount "84"]
[EventDate "1998.??.??"]
[EventType "swiss"]
[EventRounds "8"]
[EventCountry "ESP"]
[SourceTitle "EXT 2003"]
[Source "ChessBase"]
[SourceDate "2002.11.25"]
[SourceVersion "1"]
[SourceVersionDate "2002.11.25"]
[SourceQuality "1"]

1. d4 Nf6 2. Nf3 e6 3. c4 c5 4. d5 exd5 5. cxd5 g6 6. Nc3 Bg7 7. e4 d6 8. Bd3 0-0 9. 0-0 a6 10. Bg5 b5 11. Rc1 Nbd7 12. Re1 Qb6 13. h3 Re8 14. Bb1 Bb7 15. Qd2 Ne5 16. Nxe5 dxe5 17. Be3 Qd6 18. Ne2 Rac8 19. Ng3 Nd7 20. Bh6 Bxh6 21. Qxh6 Qf8 22. Qh4 Qe7 23. Qg4 Nf6 24. Qg5 Nxd5 25. Qh6 Nf4 26. Rc3 Ne6 27. Nf5 gxf5 28. Rg3+ Kh8 29. exf5 Qf8 30. Qh4 e4 31. fxe6 Rxe6 32. Bxe4 Bxe4 33. Rxe4 Rce8 34. Reg4 Rg6 35. Rxg6 fxg6 36. Rxg6 a5 37. Rg3 Qe7 38. Qh5 Qe1+ 39. Kh2 Qe5 40. Qf7 Rd8 41. f4 Qd4 42. f5 Qf4 1-0

[Event "Sant Boi op"]
[Site "Sant Boi de Llobregat"]
[Date "1996.??.??"]
[Round "?"]
[White "Hernando Rodrigo, Jose Maria"]
[Black "Vazquez Cortado, Juan Antonio"]
[Result "0-1"]
[WhiteElo "2325"]
[BlackElo "2230"]
[PlyCount "82"]
[EventDate "1996.??.??"]
[EventType "swiss"]
[EventRounds "9"]
[EventCountry "ESP"]
[SourceTitle "EXT 2003"]
[Source "ChessBase"]
[SourceDate "2002.11.25"]
[SourceVersion "1"]
[SourceVersionDate "2002.11.25"]
[SourceQuality "1"]

1. e4 e6 2. d4 d5 3. Nc3 Bb4 4. Nge2 dxe4 5. a3 Bxc3+ 6. Nxc3 b6 7. Bb5+ c6 8. Bc4 Nf6 9. Bg5 h6 10. Bh4 b5 11. Bb3 Nbd7 12. 0-0 Qb6 13. f3 e3 14. Ne4 Ba6 15. Nxf6+ Nxf6 16. Re1 0-0-0 17. c3 e5 18. Rxe3 exd4 19. cxd4 Rxd4 20. Qe1 Rxh4 21. Kh1 Rd4 22. Rc1 Bb7 23. Bxf7 Rhd8 24. Re7 R4d6 25. Bb3 g5 26. a4 Nd5 27. a5 Qd4 28. Re4 Qxb2 29. Rb1 Qc3 30. Qg1 Qxa5 31. h3 Qb6 32. Qc1 Nf4 33. Re7 Nd3 34. Qc3 Nc5 35. Bc2 Nd3 36. Ra1 a6 37. Qg7 R6d7 38. Bxd3 Rxd3 39. Rae1 Rd1 40. Rxd1 Rxd1+ 41. Kh2 c5 0-1

[Event "Santa Coloma"]
[Site "Santa Coloma"]
[Date "1996.??.??"]
[Round "2"]
[White "Vazquez Cortado, Juan Antonio"]
[Black "Monterde Monterde, Ricardo"]
[Result "1-0"]
[WhiteElo "2205"]
[BlackElo "2260"]
[PlyCount "80"]
[EventDate "1996.??.??"]
[EventType "tourn"]
[EventRounds "9"]
[EventCountry "ESP"]
[SourceTitle "EXT 2003"]
[Source "ChessBase"]
[SourceDate "2002.11.25"]
[SourceVersion "1"]
[SourceVersionDate "2002.11.25"]
[SourceQuality "1"]

1. d4 f5 2. c4 Nf6 3. Nc3 g6 4. Bg5 Bg7 5. e3 d6 6. Qc2 0-0 7. Nf3 c6 8. h3 Nbd7 9. Bf4 Nh5 10. Bh2 e5 11. 0-0-0 Qe7 12. Be2 e4 13. Ne1 Nhf6 14. Qb3 Kh8 15. Nc2 b6 16. Qa3 Ne8 17. d5 c5 18. f3 Bb7 19. Rhf1 Ndf6 20. g4 Bc8 21. g5 Nd7 22. h4 a6 23. Qb3 Nc7 24. fxe4 fxe4 25. h5 gxh5 26. Bf4 Rb8 27. Bxh5 b5 28. Rh1 Ne5 29. Nxe4 Nxc4 30. Bg6 Bf5 31. Rxh7+ Kg8 32. Nf6+ Rxf6 33. gxf6 Qxf6 34. Bxf5 Qxf5 35. Rh2 Bxb2+ 36. Kb1 Nxd5 37. e4 Qxe4 38. Qg3+ Kf7 39. Rxd5 Rg8 40. Rg5 Bg7 1-0